[Event "Petroupoli op 10th"]
[Site "Petroupoli"]
[Date "2012.10.20"]
[Round "5"]
[White "Tsixlis, Georgios"]
[Black "Kazalis, Manos"]
[Result "0-1"]
[WhiteElo "1565"]
[BlackElo "1344"]
[PlyCount "124"]
[EventDate "2012.10.06"]
[EventType "swiss"]
[EventRounds "7"]
[EventCountry "GRE"]
[SourceTitle "EXT 2013"]
[Source "ChessBase"]
[SourceDate "2012.11.22"]
[SourceVersion "1"]
[SourceVersionDate "2012.11.22"]
[SourceQuality "1"]

1. e4 e5 2. Nf3 Nc6 3. Bc4 Bc5 4. c3 Nf6 5. d3 d6 6. Bg5 h6 7. Bh4 Bg4 8. Nbd2 g5 9. Bg3 Na5 10. Qa4+ Nc6 11. Qb3 Qd7 12. Qxb7 Rb8 13. Qa6 Rxb2 14. Bb5 Rxb5 15. Qxb5 Ke7 16. Qa4 h5 17. h4 Nh7 18. hxg5 Rg8 19. Bh4 Rg6 20. a3 Nf8 21. d4 exd4 22. cxd4 Nxd4 23. Qxd7+ Kxd7 24. Nxd4 Bxd4 25. Rb1 Nh7 26. f3 Be6 27. Bf2 Bc3 28. Rxh5 Nxg5 29. Be3 f6 30. Bxg5 fxg5 31. Rh7+ Kc8 32. Rc1 Ba5 33. g4 Bd7 34. Rh8+ Kb7 35. Rb1+ Ka6 36. Rh7 Ba4 37. Ke2 Bb5+ 38. Kd1 Rf6 39. Rh3 d5 40. e5 Re6 41. Rh5 Rxe5 42. Rxb5 Kxb5 43. f4 Re3 44. Rxg5 Rd3 45. f5 Bxd2 46. Rg6 Bc3+ 47. Kc2 Rf3 48. g5 Be1 49. f6 Bh4 50. Rg7 Kc6 51. f7 Bxg5 52. Rg6+ Kc5 53. Rxg5 Rxf7 54. Rg3 Rf4 55. Rg7 Kb5 56. Rxc7 Rc4+ 57. Rxc4 Kxc4 58. a4 Kd4 59. Kd2 a5 60. Kc2 Ke3 61. Kc3 d4+ 62. Kc2 Ke2 0-1

[Event "Petroupoli op 10th"]
[Site "Petroupoli"]
[Date "2012.10.06"]
[Round "1"]
[White "Nikolaou, Georgios"]
[Black "Tsixlis, Georgios"]
[Result "1-0"]
[WhiteElo "2231"]
[BlackElo "1565"]
[PlyCount "61"]
[EventDate "2012.10.06"]
[EventType "swiss"]
[EventRounds "7"]
[EventCountry "GRE"]
[SourceTitle "EXT 2013"]
[Source "ChessBase"]
[SourceDate "2012.11.22"]
[SourceVersion "1"]
[SourceVersionDate "2012.11.22"]
[SourceQuality "1"]

1. Nf3 Nc6 2. d4 d5 3. g3 Nf6 4. Bg2 e6 5. 0-0 Be7 6. c4 0-0 7. Nc3 dxc4 8. e4 a6 9. d5 exd5 10. exd5 Nb8 11. Ne5 Bb4 12. Bf4 Bd6 13. Qd4 Nbd7 14. Nxc4 Bxf4 15. Qxf4 Rb8 16. Rac1 b6 17. Ne3 Nc5 18. Rfd1 Nb7 19. Ne2 Nd6 20. Nd4 Bb7 21. Rc2 Rc8 22. Bh3 Rb8 23. Nc6 Bxc6 24. dxc6 Qe7 25. Rxd6 Qxd6 26. Qxd6 cxd6 27. c7 Rbc8 28. Rc6 Rxc7 29. Rxc7 Rb8 30. Rc8+ Rxc8 31. Bxc8 1-0

[Event "Petroupoli op 4th"]
[Site "Petroupoli"]
[Date "2012.05.09"]
[Round "4"]
[White "Tsixlis, Georgios"]
[Black "Foutouhos, Dimitrios"]
[Result "1-0"]
[WhiteElo "1570"]
[BlackElo "1275"]
[PlyCount "71"]
[EventDate "2012.04.28"]
[EventType "swiss"]
[EventRounds "7"]
[EventCountry "GRE"]
[SourceTitle "CBM 148 Extra"]
[Source "ChessBase"]
[SourceDate "2012.06.22"]
[SourceVersion "1"]
[SourceVersionDate "2012.06.22"]
[SourceQuality "1"]

1. e4 e6 2. d4 d5 3. exd5 exd5 4. Bd3 Ne7 5. Nf3 g6 6. Bg5 Bg7 7. c3 0-0 8. 0-0 Bf5 9. Bxf5 Nxf5 10. Bxd8 Rxd8 11. Nbd2 Nd7 12. Re1 c5 13. dxc5 Nxc5 14. Nb3 Ne4 15. Nbd4 Nfd6 16. Qb3 Nc4 17. Rxe4 dxe4 18. Qxc4 exf3 19. Nxf3 Rac8 20. Qb3 Rc7 21. Re1 Rcd7 22. Qa4 b6 23. Re8+ Bf8 24. Rxd8 Rxd8 25. g3 Rd3 26. Kg2 Kg7 27. Qxa7 b5 28. Ng5 Bd6 29. Qxf7+ Kh6 30. h4 Kh5 31. Qxh7+ Kg4 32. f3+ Kf5 33. Qd7+ Kf6 34. Ne4+ Ke5 35. Nxd6 Rxd6 36. Qxb5+ 1-0

[Event "Petroupoli op"]
[Site "Petroupoli"]
[Date "2012.01.28"]
[Round "5"]
[White "Tsixlis, Georgios"]
[Black "Stavropoulos, Konstantinos"]
[Result "1-0"]
[WhiteElo "1544"]
[BlackElo "1400"]
[PlyCount "73"]
[EventDate "2012.01.14"]
[EventType "swiss"]
[EventRounds "7"]
[EventCountry "GRE"]
[SourceTitle "EXT 2013"]
[Source "ChessBase"]
[SourceDate "2012.11.22"]
[SourceVersion "1"]
[SourceVersionDate "2012.11.22"]
[SourceQuality "1"]

1. e4 c5 2. Nf3 d6 3. d4 cxd4 4. Nxd4 Nf6 5. Nc3 g6 6. Bd3 Nc6 7. Be3 Bg7 8. Nf3 Ng4 9. Bd2 Nce5 10. Nxe5 Nxe5 11. Be2 Bd7 12. 0-0 0-0 13. Qc1 Rc8 14. Bh6 Ng4 15. Bxg7 Kxg7 16. Nd5 Ne5 17. f4 Nc6 18. f5 f6 19. fxg6 hxg6 20. c3 Rh8 21. Qc2 a6 22. Qb3 b5 23. Rf3 Bg4 24. Rf2 Bxe2 25. Rxe2 Rh5 26. Nf4 Qb6+ 27. Kh1 Re5 28. Ne6+ Kh6 29. c4 Nd8 30. c5 dxc5 31. Qe3+ Kh7 32. Qh3+ Kg8 33. Ng5 e6 34. Qh7+ Kf8 35. Qh8+ Ke7 36. Qg7+ Kd6 37. Rd1+ 1-0

[Event "Petroupoli op"]
[Site "Petroupoli"]
[Date "2012.01.25"]
[Round "4"]
[White "Kavvadas, Dionisios"]
[Black "Tsixlis, Georgios"]
[Result "0-1"]
[WhiteElo "1273"]
[BlackElo "1544"]
[PlyCount "92"]
[EventDate "2012.01.14"]
[EventType "swiss"]
[EventRounds "7"]
[EventCountry "GRE"]
[SourceTitle "EXT 2013"]
[Source "ChessBase"]
[SourceDate "2012.11.22"]
[SourceVersion "1"]
[SourceVersionDate "2012.11.22"]
[SourceQuality "1"]

1. e4 e5 2. Nf3 Nc6 3. Bc4 Bc5 4. d3 Nf6 5. Nc3 d6 6. h3 0-0 7. Bg5 Bb4 8. a3 Bxc3+ 9. bxc3 Be6 10. Bd5 Bxd5 11. exd5 Nb8 12. c4 Nbd7 13. 0-0 Re8 14. Re1 h6 15. Bh4 Qc8 16. Nd2 c6 17. Ne4 Nxe4 18. dxe4 Qc7 19. Rb1 Rac8 20. Rb2 a5 21. a4 Nc5 22. Ra2 Na6 23. c3 cxd5 24. Qxd5 Qxc4 25. Qxc4 Rxc4 26. Re3 Rec8 27. Ra3 Nc5 28. f3 Rxa4 29. Rxa4 Nxa4 30. Be1 Nc5 31. Re2 Nd3 32. Kf1 Nxe1 33. Rxe1 Rxc3 34. Rb1 Rc7 35. Ra1 b6 36. Ra4 Kf8 37. Ke1 Ke7 38. Kd2 Kd7 39. Ra3 Rc5 40. Rc3 Rxc3 41. Kxc3 Kc6 42. Kc4 b5+ 43. Kb3 Kc5 44. Kc3 a4 45. Kb2 Kc4 46. Kc2 b4 0-1

[Event "Petroupoli op"]
[Site "Petroupoli"]
[Date "2012.01.18"]
[Round "2"]
[White "Tsixlis, Georgios"]
[Black "Routsis, Spiros"]
[Result "1-0"]
[WhiteElo "1544"]
[BlackElo "1000"]
[PlyCount "81"]
[EventDate "2012.01.14"]
[EventType "swiss"]
[EventRounds "7"]
[EventCountry "GRE"]
[SourceTitle "EXT 2013"]
[Source "ChessBase"]
[SourceDate "2012.11.22"]
[SourceVersion "1"]
[SourceVersionDate "2012.11.22"]
[SourceQuality "1"]

1. e4 e5 2. Nf3 Nc6 3. Bc4 Bc5 4. c3 d6 5. d4 exd4 6. cxd4 Bb4+ 7. Nc3 Bg4 8. d5 Ne5 9. Qa4+ Qd7 10. Bb5 Nf6 11. Bxd7+ Nfxd7 12. Qxb4 Nd3+ 13. Ke2 Nxb4 14. Nb5 0-0 15. a3 Na6 16. h3 c6 17. hxg4 cxb5 18. Nd4 b4 19. Nb5 Ne5 20. f3 bxa3 21. bxa3 Nc4 22. Bf4 Rfd8 23. Rhc1 Ne5 24. Nxd6 Rxd6 25. Bxe5 Rd7 26. Rc3 f6 27. Bg3 b6 28. Rac1 Rdd8 29. Bf2 h6 30. Kd2 g5 31. Bd4 Kf7 32. Rc6 Ke7 33. Bxf6+ Ke8 34. Bxd8 Kxd8 35. Rxh6 Nc5 36. Rh8+ Kd7 37. Rxa8 Nb3+ 38. Kc2 Nxc1 39. Kxc1 Kc7 40. Rxa7+ Kb8 41. Rg7 1-0

[Event "Petroupoli op 3rd"]
[Site "Petroupoli"]
[Date "2011.05.11"]
[Round "2"]
[White "Tsixlis, Georgios"]
[Black "Kagas, Konstantinos"]
[Result "0-1"]
[WhiteElo "1548"]
[BlackElo "2035"]
[PlyCount "70"]
[EventDate "2011.05.07"]
[EventType "swiss"]
[EventRounds "7"]
[EventCountry "GRE"]
[SourceTitle "EXT 2012"]
[Source "ChessBase"]
[SourceDate "2011.11.24"]
[SourceVersion "1"]
[SourceVersionDate "2011.11.24"]
[SourceQuality "1"]

1. e4 c5 2. Nf3 Nc6 3. d4 cxd4 4. Nxd4 g6 5. Nc3 Bg7 6. Be3 Nf6 7. Bc4 d6 8. Nf3 0-0 9. Bd3 d5 10. exd5 Nxd5 11. Nxd5 Qxd5 12. c3 Rd8 13. Be2 Qa5 14. Qc2 Bf5 15. Qc1 Rac8 16. 0-0 e5 17. Nd2 Nd4 18. Bd1 Qa6 19. Re1 b5 20. a3 Qb7 21. g4 Be6 22. Qb1 Nc6 23. Ne4 Bc4 24. Bc2 Ne7 25. Rd1 Nd5 26. Qc1 Be2 27. Rd2 Bxg4 28. Qe1 Qe7 29. Bb3 Be6 30. Bc2 Qh4 31. Bg5 Qg4+ 32. Kh1 f6 33. Be3 Qf3+ 34. Kg1 Bh3 35. Nxf6+ Nxf6 0-1